000 00369nam a2200133Ia 4500
008 231129s2004||||xx |||||||||||||| ||spa||
020 _a958-33-5952-1
082 _aER- 364
100 _aJaramillo de Olarte Lucí­a
245 0 _aCuaderno de notas
260 _c2004
264 _aPereira: Gráficas Buda 2004
942 _2ddc
_cBKS
999 _c8349
_d8349